A history of economic thought / (Record no. 46927)
[ view plain ]
| 000 -LEADER | |
|---|---|
| fixed length control field | 00653nam a2200241 a 4500 |
| 001 - CONTROL NUMBER | |
| control field | 46927 |
| 003 - CONTROL NUMBER IDENTIFIER | |
| rucl marc code | BD-RjUL |
| 005 - DATE AND TIME OF LATEST TRANSACTION | |
| control field | 20211209054230.0 |
| 008 - FIXED-LENGTH DATA ELEMENTS--GENERAL INFORMATION | |
| fixed length control field | 160806s1953 enk b 001 0 eng d |
| 035 ## - SYSTEM CONTROL NUMBER | |
| System control number | (BD-RjUL)47046 |
| System control number | 748536 |
| 040 ## - CATALOGING SOURCE | |
| Original cataloging agency | XNTU |
| Language of cataloging | eng |
| Transcribing agency | XNTU |
| Modifying agency | BD-RjUL |
| 041 ## - LANGUAGE CODE | |
| Language code of text/sound track or separate title | eng |
| 082 04 - DEWEY DECIMAL CLASSIFICATION NUMBER | |
| Classification number | 330.15 |
| Edition number | 23 |
| Author mark and year | ROH 1953 |
| 100 1# - MAIN ENTRY--PERSONAL NAME | |
| Personal name | Roll, Eric. |
| Dates associated with a name | 1898- |
| 9 (RLIN) | 142944 |
| 245 12 - TITLE STATEMENT | |
| Title | A history of economic thought / |
| Statement of responsibility, etc. | Eric Roll |
| 260 ## - PUBLICATION, DISTRIBUTION, ETC. (IMPRINT) | |
| Place of publication, distribution, etc. | London : |
| Name of publisher, distributor, etc. | Faber and Faber, |
| Date of publication, distribution, etc. | 1953. |
| 300 ## - PHYSICAL DESCRIPTION | |
| Pagination | 540 p. ; |
| Size | 24 cm. |
| 500 ## - GENERAL NOTE | |
| General note | Includes index. |
| 504 ## - BIBLIOGRAPHY, ETC. NOTE | |
| Bibliography, etc | Bibliography: p.665-680. |
| 650 #0 - SUBJECT ADDED ENTRY--TOPICAL TERM | |
| Topical term or geographic name as entry element | Economics |
| General subdivision | History. |
| 9 (RLIN) | 142945 |
| 942 ## - ADDED ENTRY ELEMENTS (KOHA) | |
| Source of classification or shelving scheme | Dewey Decimal Classification |
| Koha item type | Books |
| Lost status | Source of classification or shelving scheme | Damaged status | Not for loan | Collection code | Permanent Location | Current Location | Shelving location | Date acquired | Source of acquisition | Cost, normal purchase price | Total Checkouts | Full call number | Date last seen | Copy number | Koha item type |
|---|---|---|---|---|---|---|---|---|---|---|---|---|---|---|---|
| Dewey Decimal Classification | Non-fiction | Central Library, University of Rajshahi | Central Library, University of Rajshahi | 20/10/1962 | Zeetlinger | 18.00 | 330.15 ROH 1953 | 06/08/2016 | C-2 | Books |